| 000 | 00600nam a2200193 i 4500 | ||
|---|---|---|---|
| 001 | 69276 | ||
| 003 | ES-MaACL | ||
| 005 | 20230906170501.0 | ||
| 007 | t| | ||
| 008 | 040702s1978 sp ||||1| spa d | ||
| 100 | 1 |
_aGarcía-Arenal, Mercedes. _954180 |
|
| 245 | 1 | 0 |
_aInquisición y moriscos _b: los procesos del tribunal de Cuenca / _cpor Mercedes García-Arenal. |
| 250 | _a[1ª ed.]. | ||
| 260 |
_a[Madrid] : _bSiglo Veintiuno, _c[1978] |
||
| 300 |
_a172 p. ; _c21 cm. |
||
| 650 | 4 |
_aMoriscos- _zCuenca. _9158166 |
|
| 650 | 0 | 4 |
_aInquisición- _zCuenca. _913797 |
| 852 |
_aES-MaACL _jA-9100 _bR.97832 |
||
| 999 |
_c69276 _d69276 |
||